Hoffnung, die gründe nennt: zu Hansjürgen Verweyens projekt einer erstphilosophischen glaubensverantwortung
Αποθηκεύτηκε σε:
| Κύριοι συγγραφείς: | , |
|---|---|
| Άλλοι συγγραφείς: | |
| Μορφή: | Βιβλίο |
| Γλώσσα: | Γερμανικά |
| Έκδοση: |
Ratisbona
Verlag Friedrich Pustet
1996
|
| Έκδοση: | 1a. ed |
| Θέματα: | |
| Ετικέτες: |
Προσθήκη ετικέτας
Δεν υπάρχουν, Καταχωρήστε ετικέτα πρώτοι!
|
MARC
| LEADER | 00000cam a2200000 a 4500 | ||
|---|---|---|---|
| 001 | UCE6926 | ||
| 003 | CL-VaPUC | ||
| 008 | 150514e19960000gw |||||||||||||||||ger|d | ||
| 020 | |a 3791715089 | ||
| 082 | 0 | 4 | |a 239 |b LAR |2 21 |
| 100 | 0 | |a Larcher, Gerhard |e author |9 579630 | |
| 700 | |a Müller, Klaus |e verfasser |9 579631 | ||
| 700 | 0 | |a Pröpper, Thomas |e author |9 579632 | |
| 245 | 1 | 0 | |a Hoffnung, die gründe nennt: zu Hansjürgen Verweyens projekt einer erstphilosophischen glaubensverantwortung |
| 250 | |a 1a. ed | ||
| 300 | |a 277 p | ||
| 942 | |c BK | ||
| 945 | |d 20150514 13:01:00 |a arojas | ||
| 260 | |a Ratisbona |b Verlag Friedrich Pustet |c 1996 | ||
| 650 | 7 | |a FE Y RAZON |2 CL-VaPUC |9 579633 | |
| 650 | 0 | |a Apologética |9 269349 | |
| 583 | |a last modification |c 20150514 13:01:00 |k Rodrigo Vera | ||
| 999 | |c 359097 |d 359095 | ||
| 952 | |0 0 |1 0 |3 erd |4 0 |6 239_000000000000000_LAR_1996 |7 0 |8 A |9 468127 |a BIBTEO |b BIBTEO |e Casale Rolle, Carlos Ignacio, -2014 |i 5173132 |o 239 LAR 1996 |p 5173132 |r 2025-01-17 |w 2019-11-23 |y BK |z Catalogado en:20150514 |k ICR | ||